Hodnotenie úrovne logistiky
Logistika ako dynamicky sa vyvíjajúci odbor, ktorý predstavuje výsledok integrácie ekonomických technických a spoločenských disciplín. Situácia v logistických službách a jej dopady na konkurencieschopnosť podnikov. Porovnanie úrovne logistiky vo vybraných krajinách.
Saved in:
| Main Author: | |
|---|---|
| Format: | Book Chapter |
| Language: | Slovak |
| Subjects: | |
| Tags: |
No Tags, Be the first to tag this record!
|
MARC
| LEADER | 00000nla$a2200000$$$4500 | ||
|---|---|---|---|
| 001 | 0149721 | ||
| 005 | 20240502072707.9 | ||
| 041 | 0 | |a slo | |
| 044 | |a SK | ||
| 245 | 1 | 0 | |a Hodnotenie úrovne logistiky |c Jozef Gajdoš |
| 520 | |a Logistika ako dynamicky sa vyvíjajúci odbor, ktorý predstavuje výsledok integrácie ekonomických technických a spoločenských disciplín. Situácia v logistických službách a jej dopady na konkurencieschopnosť podnikov. Porovnanie úrovne logistiky vo vybraných krajinách. | ||
| 610 | 2 | 0 | |a logistika |
| 610 | 2 | 0 | |a stratégia logistická |
| 610 | 2 | 0 | |a logistika marketingová |
| 610 | 2 | 0 | |a reťazce dodávateľsko-odberateľské |
| 610 | 2 | 0 | |a systémy informačné logistické |
| 610 | 2 | 0 | |a služby logistické |
| 610 | 2 | 0 | |a porovnanie medzinárodné |
| 100 | 1 | |a Gajdoš, Jozef, 1962-2025 | |